000 00294nam a22001097a 4500
082 _a629.1 AER'W
100 _aWRIGHT, P.A
_980218
245 _aAEROSPACE STRUCTURAL METALS HANDBOOK VOLUME II NON FERROUS ALLOYS
260 _aNEWYORK
_bSYRACUSE
_c1966
300 _aCODE 5701 PAGE-6
942 _cBK
999 _c585177
_d585177